¡Visca la Pepa! : Catalunya i la Constitució de Cádis Catalunya i la Constitució de Cádis
Descripción Física:
1 díptic : il. col ; 21 x 10 cm.
Idioma:
Catalán
MARC
| LEADER | 00000nam a2200000Ia 4500 | ||
|---|---|---|---|
| 001 | 24204 | ||
| 003 | Arxiu | ||
| 005 | 20260324180602.0 | ||
| 008 | 160829s9999 xx 000 0 cat d | ||
| 017 | |a B 16013-2012 | ||
| 040 | |a agdb |b cat | ||
| 041 | |a cat | ||
| 080 | |a FU-64-96 | ||
| 245 | |a ¡Visca la Pepa! : |b Catalunya i la Constitució de Cádis | ||
| 260 | |a Barcelona : |b Diputació de Barcelona ; |c 2012 | ||
| 300 | |a 1 díptic : |b il. col ; |c 21 x 10 cm. | ||
| 590 | |a Díptic de l'exposició, celebrada a Can Serra (Seu de la Diputació), entre el 4 de maig i el 2 de setembre de 2012. | ||
| 590 | |a Text en castellà | ||
| 650 | |a Espanya |x Constitució |x 1812 |9 49294 | ||
| 650 | |a Catalunya |9 67048 | ||
| 710 | 1 | |a Barcelona (Catalunya : Província). |b Diputació |9 52408 | |
| 856 | |u www.diba.cat/exposicions | ||
| 901 | |a Arxiu | ||
| 942 | |n 1 |2 udc |c ARXIU | ||
| 952 | |0 0 |1 0 |4 0 |6 FU6496 |7 1 |9 55253 |a Arxiu |b Arxiu |d 2016-12-01 |l 0 |o FU-64-96 |p 24204 |r 2016-12-01 00:00:00 |w 2016-12-01 |y ARXIU | ||
| 999 | |c 59126 |d 59126 | ||